000 00559nas a22001817a 4500
003 NALT
005 20211025142230.0
008 170828b th ||||| |||| 00| 0 tha d
040 _aNALT
041 0 _atha
245 1 0 _aจีนไทย
260 3 _aกรุงเทพฯ :
_bบจก.แมนดารินไทย คอมมิวนิเคชั่น เซอร์วิส
310 _aรายเดือน
500 _aหยุดผลิต
850 _aNALT
942 _cJNR
_2lcc
998 _b34
_d2017-05-26 10:13:38.437
_j755
_k จินตนา เอี่ยมคง
999 _c92018
_d92018